Mathematical explorations with MATLAB
Αποθηκεύτηκε σε:
| Κύριος συγγραφέας: | |
|---|---|
| Άλλοι συγγραφείς: | , |
| Μορφή: | Βιβλίο |
| Γλώσσα: | English |
| Δημοσίευση: |
Cambridge [England] ; New York :
Cambridge University Press,
1999
|
| Θέματα: | |
| Ετικέτες: |
Προσθήκη ετικέτας
Δεν υπάρχουν, Καταχωρήστε ετικέτα πρώτοι!
|
MARC
| LEADER | 00000nam a2200000 i 4500 | ||
|---|---|---|---|
| 001 | 1/15384 | ||
| 008 | 010117s1999 eng d | ||
| 020 | |a 0-521-63920-4 | ||
| 035 | |l 10065385 | ||
| 040 | |a GR-MY-UA |b gre |e aacr | ||
| 041 | 0 | |a eng | |
| 082 | 0 | |a 519.4028553042 | |
| 100 | 1 | |a Chen, Ke |d 1962- | |
| 245 | 1 | 0 | |a Mathematical explorations with MATLAB / |c Ke Chen, Peter Giblin, Alan Irving |
| 260 | |a Cambridge [England] ; New York : |b Cambridge University Press, |c 1999 | ||
| 300 | |a xiv, 306 p.; |b ill.; |c 24 cm. | ||
| 504 | |a Includes bibliographical references and index | ||
| 650 | 0 | 0 | |a Mathematics |x Data processing. |
| 700 | 1 | |a Giblin, P. J. | |
| 700 | 1 | |a Irving, Alan. | |
| 852 | |a INST |b SAMOS |e 20010117 |h 519.4028553042 CHE |p 005300022385 |q 005300022385 |t BK |y 0 | ||
| 901 | |a BIBL3-2001-1 | ||
| 909 | |a Σ |b 081543 | ||
| 922 | |a 3ΕΛΗ |b 200006 |c ΕΠΕΑΕΚ/ΜΑΘ |d ΚΩΣΤΑΡΑΚΗΣ | ||
| 970 | |a ΚΟΣΙΕΡΗΣ |b ΧΡΗΣΤΟΣ |z 2001/01/17 | ||